000 00206 a2200097 4500
001 45671
100 _aAugustine S
245 _a
260 _aChicago
_bWilliam Benton publisher
_c
090 _c28850
_d28850
942 _aNUST-CAE
_cM
_c20947
999 _c280744
_d280744